[Event "USA ch Grupo A"]
[Site "Saint Louis USA"]
[Date "2011.04.15"]
[Round "1.2"]
[White "Shulman, Yuri"]
[Black "Stripunsky, Alexander"]
[Result "1/2-1/2"]
[WhiteElo "2622"]
[BlackElo "2578"]
[PlyCount "122"]
[EventDate "2011.04.15"]
[EventType "tourn"]
[EventRounds "7"]
[EventCountry "USA"]
[Source "lmi"]
[SourceDate "2011.04.15"]

1. d4 Nf6 2. c4 e5 3. dxe5 Ng4 4. Nf3 Bc5 5. e3 Nc6 6. Nc3 O-O 7. Be2 Re8 8.
O-O Ngxe5 9. Nxe5 Nxe5 10. b3 a5 11. Bb2 d6 12. Na4 Bf5 13. Nxc5 dxc5 14. Qxd8
Raxd8 15. Bxe5 Rxe5 16. Rfd1 Ree8 17. Bf3 c6 18. g4 Bg6 19. Kf1 Kf8 20. Ke1 Ke7
21. a4 f6 22. Rxd8 Rxd8 23. Rd1 Rb8 24. Kd2 h6 25. Be2 Rd8+ 26. Kc3 Rxd1 27.
Bxd1 Bf7 28. Be2 Kd6 29. Bd3 Be6 30. f3 Ke5 31. f4+ Kd6 32. Bf5 Bf7 33. Kd2 b5
34. Bd3 bxa4 35. bxa4 Be6 36. Be2 Bf7 37. h3 Be6 38. Kd3 Bf7 39. Bf3 Be6 40.
Be4 Bf7 41. Bf5 Ke7 42. Kc3 Kd6 43. Bd3 Ke7 44. Kd2 Kd6 45. Ke2 Be6 46. Kf2 Bf7
47. Kf3 Be6 48. f5 Bf7 49. Kf4 Be8 50. h4 Bf7 51. Be2 Be8 52. Bf1 Bf7 53. Bd3
Be8 54. e4 Bf7 55. Bf1 Be8 56. Be2 Bf7 57. h5 Bg8 58. Bf1 Bf7 59. Bd3 Bg8 60.
Be2 Bf7 61. Bf1 Bg8 1/2-1/2

[Event "USA ch Grupo B"]
[Site "Saint Louis USA"]
[Date "2011.04.16"]
[Round "2.2"]
[White "Hess, Robert L"]
[Black "Finegold, Benjamin"]
[Result "1/2-1/2"]
[WhiteElo "2565"]
[BlackElo "2500"]
[PlyCount "95"]
[EventDate "2011.04.15"]
[EventType "tourn"]
[EventRounds "7"]
[EventCountry "USA"]
[Source "lmi"]
[SourceDate "2011.04.15"]

1. e4 c6 2. Nc3 d5 3. d4 dxe4 4. Nxe4 Bf5 5. Nc5 Qc7 6. Bd3 Bxd3 7. Nxd3 e6 8.
Nf3 Nd7 9. O-O Ngf6 10. c4 Be7 11. Re1 O-O 12. b3 Rfe8 13. Bb2 b5 14. Rc1 Qb6
15. Nde5 Nxe5 16. Nxe5 Rac8 17. Qf3 Qa6 18. a4 bxa4 19. Ra1 a3 20. Bxa3 Bxa3
21. b4 Qb6 22. Qxa3 Rc7 23. Qc3 Rd8 24. Red1 h6 25. h3 Ne4 26. Qe3 Nf6 27. Ra4
Qb8 28. Qf3 Qb6 29. Qf4 Rb7 30. Rd3 Re7 31. Qh4 Kf8 32. c5 Qb5 33. Rda3 Ra8 34.
Ra5 Qb7 35. Rf3 Qxb4 36. Ra1 Qd2 37. Rxf6 gxf6 38. Nf3 Qd3 39. Qxh6+ Kg8 40.
Qxf6 Rb7 41. Kh2 a5 42. Rxa5 Rxa5 43. Qd8+ Kg7 44. Qxa5 Qe4 45. Qc3 f6 46. Kg3
Qg6+ 47. Kh2 Qe4 48. Kg3 1/2-1/2

[Event "USA ch Grupo A"]
[Site "Saint Louis USA"]
[Date "2011.04.18"]
[Round "4.3"]
[White "Naroditsky, Daniel"]
[Black "Akobian, Varuzhan"]
[Result "1/2-1/2"]
[WhiteElo "2438"]
[BlackElo "2611"]
[PlyCount "59"]
[EventDate "2011.04.15"]
[EventType "tourn"]
[EventRounds "7"]
[EventCountry "USA"]
[Source "lmi"]
[SourceDate "2011.04.15"]

1. e4 e6 2. d4 d5 3. Nd2 Nf6 4. e5 Nfd7 5. Bd3 c5 6. c3 Nc6 7. Ne2 cxd4 8. cxd4
f6 9. exf6 Nxf6 10. Nf3 Qc7 11. O-O Bd6 12. Bg5 O-O 13. Rc1 Bd7 14. a3 h6 15.
Bh4 Be8 16. Nc3 Bh5 17. Nb5 Qb8 18. Nxd6 Qxd6 19. Bg3 Qd8 20. Qe1 Bxf3 21.
Qxe6+ Kh8 22. gxf3 Nxd4 23. Qe3 Nc6 24. Rfe1 Qd7 25. Qe6 Qxe6 26. Rxe6 Nh5 27.
Rd6 Rad8 28. Rxd8 Rxd8 29. b4 Nxg3 30. fxg3 1/2-1/2

[Event "USA ch Grupo B"]
[Site "Saint Louis USA"]
[Date "2011.04.18"]
[Round "4.1"]
[White "Shabalov, Alexander"]
[Black "Hess, Robert L"]
[Result "0-1"]
[WhiteElo "2590"]
[BlackElo "2565"]
[PlyCount "49"]
[EventDate "2011.04.15"]
[EventType "tourn"]
[EventRounds "7"]
[EventCountry "USA"]
[Source "lmi"]
[SourceDate "2011.04.15"]

1. e4 e5 2. Nf3 Nc6 3. d4 exd4 4. Nxd4 Nf6 5. Nxc6 bxc6 6. e5 Qe7 7. Qe2 Nd5 8.
c4 Ba6 9. b3 g6 10. f4 Nb6 11. g3 O-O-O 12. Bb2 Bg7 13. Nc3 d5 14. Bg2 Rhe8 15.
O-O f6 16. a4 fxe5 17. f5 gxf5 18. Rxf5 Kb8 19. Qf2 e4 20. a5 e3 21. Qe1 Nc8
22. cxd5 e2 23. Kh1 Rf8 24. g4 Nd6 25. Qf2 0-1

[Event "USA ch Grupo B"]
[Site "Saint Louis USA"]
[Date "2011.04.20"]
[Round "6.1"]
[White "Shabalov, Alexander"]
[Black "Kaidanov, Gregory S"]
[Result "0-1"]
[WhiteElo "2590"]
[BlackElo "2569"]
[PlyCount "72"]
[EventDate "2011.04.15"]
[EventType "tourn"]
[EventRounds "7"]
[EventCountry "USA"]
[Source "lmi"]
[SourceDate "2011.04.15"]

1. d4 Nf6 2. c4 e6 3. Nc3 Bb4 4. Bg5 c5 5. d5 d6 6. e3 exd5 7. cxd5 Nbd7 8. Bb5
Qa5 9. Bxd7+ Nxd7 10. Nge2 f6 11. Bf4 Ne5 12. O-O O-O 13. Qc2 Qd8 14. a3 Ba5
15. Ne4 Qe7 16. N4g3 g6 17. h4 Bd7 18. h5 g5 19. Bxe5 Qxe5 20. e4 f5 21. Nxf5
Bxf5 22. exf5 Rxf5 23. Ng3 Rf4 24. Rad1 Raf8 25. b3 c4 26. bxc4 Bb6 27. Nh1 g4
28. Rd2 Qxh5 29. Re2 R4f6 30. Re6 Rxe6 31. dxe6 Qe5 32. Qd3 Qxe6 33. Ng3 Rxf2
34. Rxf2 Qe1+ 35. Kh2 Bxf2 36. Ne2 Bc5 0-1